000 00459cam a22001455a 4500
001 J100822
008 000000s1920 xxk 000 0 eng u
035 _a(Sirsi) u100822
110 _aAuctioneers' and Estate Agents' Institute of the United Kingdom
_93789
245 _aAnnual record vol.IX part IX. The Institute - a glance into the past. 13th May 1920.
260 _c1920
651 4 _aUnited Kingdom
_y
690 _aBusiness and management
942 _n0
999 _c99857
_d99857